Normal view MARC view
  • Applied psychology

Entry Topical Term

Number of records used in: 2

001 - CONTROL NUMBER

  • control field: 8941

003 - CONTROL NUMBER IDENTIFIER

  • control field: JRU

005 - DATE AND TIME OF LATEST TRANSACTION

  • control field: 20260408111325.0

008 - FIXED-LENGTH DATA ELEMENTS

  • fixed length control field: 260408|| aca||aabn | a|a d

040 ## - CATALOGING SOURCE

  • Original cataloging agency: JRU
  • Transcribing agency: JRU

150 ## - HEADING--TOPICAL TERM

  • Topical term or geographic name as entry element: Applied psychology

670 ## - SOURCE DATA FOUND

  • Source citation: Work cat.: (JRU)2500: Covey, Stephen R 1778, The 7 Habbits of highly effective people, 1989